00623nam a2200181Ia 4500008004100000020001500041041001200056082001600068100001700084245008000101260002500181300000800206650001600214700001800230942000700248999001500255952017100270221030s9999 xx 000 0 und d a0074632430 aEnglish a105.23bNew aW. M. Newman 0aPrinciples of Interactive Computer Graphicscby W. M. Newman, R. F. Sproull bTMHaNew Delhic2002 a541 aBE Computer aR. F. Sproull cBK c8069d8069 pBE 6091g225.00l0o105.23 Newr2024-06-13 00:00:00w2022-10-30yBK003Print4070aMIETLIBbMIETLIBcBL-Academic Block C, FL-2, CUP-37, SH-2, R-2d2002-10-3110HBE